| 000 | 01186cam a22001934a 4500 | ||
|---|---|---|---|
| 005 | 20250605164117.0 | ||
| 008 | 250528s ||||||||||||||||||||||||d | ||
| 035 | _a18115 | ||
| 020 | _a67230385 | ||
| 040 |
_aGR-AtMCL _bgre _dGR-AtMCL _eAACR2 |
||
| 245 | 1 | _aΧρήση και Εφαρμογές του Excel 5 / Μετάφραση της 1ης Αμερικανικής Έκδοσης 1994 | |
| 260 |
_bΓκιούρδας Μόσχος, _c1994 |
||
| 300 | _a1180 | ||
| 520 | _aΈνας ειδικός στο Excel με χρόνια εμπειρίας, σας μαθαίνει πως μπορείτε να κυριαρχήσετε επί των λογιστικών φύλλων, στο βιβλίο Excel 5 Χρήση και Εφαρμογές. Εισαγωγή, Εκδόσεις και Εκτύπωση, Γραφικά, Βάσεις Δεδομένων και Λίστες, Ανάλυση Δεδομένων, Γλώσσα Μακροεντολών του Excel 4.0, Visual Basic for Applications, Προχωρημένα Θέματα, Πρακτικές Εφαρμογές, Ευρετήριο. | ||
| 700 | 1 |
_aMcfedries Paul _94407 |
|
| 942 | _cBK | ||
| 999 |
_c3499 _d3499 |
||